Partidos judiciales de España en 1785 con un mapa - Estadísticas

Estadísticas generales
  • Esta prueba ha sido intentada 208 veces
  • La puntuación promedio es 86 de 284
Respuestas en el mapa
Las respuestas están codificadas por una escala verde-roja en el mapa de la prueba según el % correcto abajo.
 
Estadísticas de respuestas
Respuesta % Correcto
Lugo
90%
Asturias
88%
Madrid
88%
Santiago de Compostela
87%
Sevilla
87%
Barcelona
86%
León
86%
Toledo
86%
La Coruña
85%
Valencia
85%
Zaragoza
85%
Almería
84%
Cádiz
84%
Gerona
84%
Huesca
84%
Murcia
84%
Córdoba
83%
Salamanca
83%
Alicante
82%
Badajoz
82%
Castellón de la Plana
82%
Granada
82%
Ibiza
82%
Teruel
82%
Cáceres
81%
Orense
81%
Tarragona
81%
Burgo
80%
Ciudad Real
80%
Lérida
80%
Málaga
80%
Palencia
80%
Palma
80%
Álava
79%
Cuenca
78%
Jaén
78%
Pamplona
78%
Segovia
78%
Soria
78%
Vizcaya
78%
Ávila
77%
Guipúzcoa
77%
Zamora
77%
Albacete
76%
Cartagena
76%
Guadalajara
73%
Mérida
73%
Valladolid
72%
Gran Canaria
71%
Gomera
69%
Burgos
68%
Jerez de la Frontera
68%
Toro
68%
La Palma
67%
El Hierro
66%
Logroño
66%
Talavera de la Reina
65%
Lanzarote
64%
Plasencia
64%
Fuerteventura
62%
Lorca
62%
Ponferrada
61%
Denia
60%
Jaca
58%
Alcalá de Henares
56%
Tudela
56%
Mahón
55%
Marbella
55%
Ciudad Rodrigo
53%
Motril
52%
Vich
50%
Orihuela
48%
Ronda
48%
Calatayud
45%
Úbeda
45%
Tortosa
44%
Baeza
43%
Benavente
43%
Ciudadela
43%
Miranda
43%
Betanzos
42%
Tuy
42%
San Felipe
41%
Villanueva de la Serena
41%
Villanueva de los Infantes
41%
Aranda
40%
Mataró
39%
Medina del Campo
39%
Vall de Arán
39%
Barbastro
38%
Antequera
37%
Écija
37%
Baza
36%
Guadix
35%
Manresa
35%
Trujillo
35%
Albarracín
34%
Alcoy
34%
Calahorra
34%
Estella
34%
La Laguna
34%
Lugares del Vino
34%
Molina
34%
Tordesillas
34%
Villas del Vino
34%
Hellín
33%
Mondoñedo
33%
Reinosa
33%
Tarazona
33%
Puebla de Sanabria
31%
Sanlúcar de Barrameda
31%
Vélez-Málaga
31%
Béjar
30%
Aguilar
29%
Almagro
29%
Laredo
29%
Peñíscola
29%
Sigüenza
29%
Treviño
29%
Villafranca
29%
Alcañiz
28%
Carmona
27%
Alcázar de San Juan
26%
Arévalo
26%
Ocaña
26%
Cervera
25%
Cieza
25%
Olite
25%
Alcántara
24%
Andújar
24%
Cuéllar
24%
Medinaceli
24%
Villena
24%
Almuñecar
23%
Sangüesa
23%
Llerena
21%
Lugares del Pan
20%
Villas del Pan
20%
Daroca
19%
Olmedo
19%
Puigcerdá
19%
Sepúlveda
19%
Alfaro
18%
Borja
18%
Campo de Gibraltar
18%
Chinchilla
18%
Morella
18%
Osma
18%
Peñafiel
18%
Ledesma
17%
Viana
17%
Carrión de los Condes
16%
Martos
16%
Santo Domingo
16%
Alcaraz
15%
Alhama
14%
Coca
14%
Losa
14%
Miranda de Ebro
14%
Oropesa
14%
Peñaranda
14%
Adra
13%
Alcira
13%
Almazán
13%
Alpujarras
13%
La Orotava
13%
Riaza
13%
San Esteban de Gormaz
13%
Colmenar Viejo
12%
Simancas
12%
Alba de Tormes
11%
Chinchón
11%
Cofrentes
11%
Ágreda
10%
Atienza
10%
Buitrago
10%
Huete
10%
Íscar
10%
Poblaciones de Sierra Morena
10%
San Clemente
10%
Villaviciosa
10%
Alayor
9%
Alcañices
9%
Ayllón
9%
Jijona
9%
Benabarre
8%
Castilla la Vieja
8%
Castilla la Vieja en Burgos
8%
Castilla la Vieja en Laredo
8%
Cinco Villas
8%
El Barco de Ávila
8%
Gormaz
8%
Liébana
8%
Montes de Toledo
8%
Pedraza
8%
Pedroche
8%
Poblaciones de Andalucía
8%
Talarn
8%
Jadraque
7%
Los Arcos
7%
Trasmiera
7%
Campos
6%
Castrojeriz
6%
La Montaña
6%
Maqueda
6%
Mercadal
6%
Piedrahita
6%
San Pedro Manrique
6%
Tábara
6%
Berlanga
5%
Calatañazor
5%
Segura de la Sierra
5%
Torrelobatón
5%
Villadiego
5%
Almanza
4%
Almonacid
4%
Bureba
4%
Casarrubios del Monte
4%
Cerrato
4%
Garachico
4%
Hita
4%
Lugares de Sayago
4%
Mansilla de las Mulas
4%
Mayorga
4%
Montesa
4%
Villas de Sayago
4%
Argüeso
3%
Carbajales
3%
Carpio
3%
Cuatro Villas de la Hoya de Málaga
3%
Falces
3%
Juarros
3%
Las Villas
3%
Mombeltrán
3%
Mombuey
3%
Montejo
3%
Rioseco
3%
Santa Eufemia
3%
Sotoscueva
3%
Valdivielso
3%
Valle de Lecrín
3%
Yanguas
3%
Adrada
2%
Boedo
2%
Bonilla
2%
Can de Muñó
2%
Caracena
2%
Cobeta
2%
El Mirón
2%
El Temple
2%
Enciso
2%
Fresno
2%
Fuentepinilla
2%
Fuentes de Magaña
2%
Fuentidueña
2%
Haza
2%
Jubera
2%
Leja
2%
Maderuelo
2%
Magaña
2%
Manzanedo
2%
Monteagudo
2%
Montemayor
2%
Montija
2%
Nueve Villas
2%
Ojeda
2%
Órjiva
2%
Palenzuela
2%
Portillo
2%
Recompensa
2%
Rueda del Almirante
2%
Salvatierra de Tormes
2%
Serón
2%
Solpeña
2%
Suellacabras
2%
Torvizcón
2%
Ucero
2%
Val de Porres
2%
Villatoro
2%
Las Navas de Marqués
1%
Nayamorcuende
1%
Señorío
1%
No se encontraron pruebas coincidentes
Distribución de puntuación
Porcentaje de gente con cada puntuación
Porcentaje por número respondido
Historial de tus puntuaciones
No has intentado esta prueba.